<?xml version="1.0" encoding="UTF-8"?>
<collection xmlns="http://www.loc.gov/MARC21/slim">
<record>
  <controlfield tag="001">149057</controlfield>
  <controlfield tag="005">20251017144637.0</controlfield>
  <datafield tag="024" ind1="7" ind2=" ">
    <subfield code="2">doi</subfield>
    <subfield code="a">10.24310/espsiescpsi.v10i2.13182</subfield>
  </datafield>
  <datafield tag="024" ind1="8" ind2=" ">
    <subfield code="2">sideral</subfield>
    <subfield code="a">141937</subfield>
  </datafield>
  <datafield tag="037" ind1=" " ind2=" ">
    <subfield code="a">ART-2017-141937</subfield>
  </datafield>
  <datafield tag="041" ind1=" " ind2=" ">
    <subfield code="a">spa</subfield>
  </datafield>
  <datafield tag="100" ind1=" " ind2=" ">
    <subfield code="a">Monreal Bartolomé, Alicia</subfield>
    <subfield code="0">(orcid)0000-0003-2088-2007</subfield>
  </datafield>
  <datafield tag="245" ind1=" " ind2=" ">
    <subfield code="a">Análisis del Test de Detección del Cuidador Quemado con el Modelo de Rasch</subfield>
  </datafield>
  <datafield tag="260" ind1=" " ind2=" ">
    <subfield code="c">2017</subfield>
  </datafield>
  <datafield tag="506" ind1="0" ind2=" ">
    <subfield code="a">Access copy available to the general public</subfield>
    <subfield code="f">Unrestricted</subfield>
  </datafield>
  <datafield tag="520" ind1="3" ind2=" ">
    <subfield code="a">El Screen for Caregiver Burden (SCB) es un test de detección del cuidador quemado, diseñado para evaluar a cuidadores de personas mayores con deterioro. En el presente estudio se evaluaron las propiedades psicométricas de la versión en castellano del SCB mediante el modelo de Rasch y se comparó su eficacia discriminativa con la Escala de Sobrecarga del Cuidador de Zarit (ZCBS). La prueba se aplicó a 102 participantes, 77 de los cuales eran cuidadores principales de sujetos con demencia. Los resultados indicaron que el funcionamiento de las cinco categorías de respuesta no era óptimo. Nuestro re-análisis de los datos mostró que un sistema de tres categorías de respuesta es más apropiado y permite obtener medidas con adecuadas propiedades psicométricas. Asimismo, en comparación con el ZCBS, los ítems del SCB permiten identificar un conjunto más amplio de síntomas de sobrecarga.</subfield>
  </datafield>
  <datafield tag="540" ind1=" " ind2=" ">
    <subfield code="9">info:eu-repo/semantics/openAccess</subfield>
    <subfield code="a">by-nc-sa</subfield>
    <subfield code="u">https://creativecommons.org/licenses/by-nc-sa/4.0/deed.es</subfield>
  </datafield>
  <datafield tag="655" ind1=" " ind2="4">
    <subfield code="a">info:eu-repo/semantics/article</subfield>
    <subfield code="v">info:eu-repo/semantics/publishedVersion</subfield>
  </datafield>
  <datafield tag="700" ind1=" " ind2=" ">
    <subfield code="a">Prieto Adánez, Gerardo</subfield>
  </datafield>
  <datafield tag="773" ind1=" " ind2=" ">
    <subfield code="g">10, 2 (2017), 116-125</subfield>
    <subfield code="p">Escr. psicol.</subfield>
    <subfield code="t">Escritos de Psicologia</subfield>
    <subfield code="x">1138-2635</subfield>
  </datafield>
  <datafield tag="856" ind1="4" ind2=" ">
    <subfield code="s">601296</subfield>
    <subfield code="u">http://zaguan.unizar.es/record/149057/files/texto_completo.pdf</subfield>
    <subfield code="y">Versión publicada</subfield>
  </datafield>
  <datafield tag="856" ind1="4" ind2=" ">
    <subfield code="s">1833401</subfield>
    <subfield code="u">http://zaguan.unizar.es/record/149057/files/texto_completo.jpg?subformat=icon</subfield>
    <subfield code="x">icon</subfield>
    <subfield code="y">Versión publicada</subfield>
  </datafield>
  <datafield tag="909" ind1="C" ind2="O">
    <subfield code="o">oai:zaguan.unizar.es:149057</subfield>
    <subfield code="p">articulos</subfield>
    <subfield code="p">driver</subfield>
  </datafield>
  <datafield tag="951" ind1=" " ind2=" ">
    <subfield code="a">2025-10-17-14:29:56</subfield>
  </datafield>
  <datafield tag="980" ind1=" " ind2=" ">
    <subfield code="a">ARTICLE</subfield>
  </datafield>
</record>
</collection>